Spoiler Alert! - Statistics

General Stats
  • This quiz has been taken 34 times
  • The average score is 11 of 13
Answer Stats
Hint Answer % Correct
006 is Janus GoldenEye
100%
The planet was Earth Planet of the Apes
100%
Soylent Green is people! Soylent Green
100%
Darth Vader is Lukes Father Star Wars: The Empire Strikes Back
100%
The wizard is just some guy The Wizard of Oz
100%
Mrs. Bates is an alternate personality Psycho
96%
Rosebud is his sled Citizen Kane
93%
Apollo Creed won Rocky
93%
Tyler Durden is an alternate personality Fight Club
81%
Malcolm Crowe is dead The Sixth Sense
78%
Leonard killed John G. Memento
74%
Verbal is Keyser Söze The Usual Suspects
70%
Franzis was insane The Cabinet of Dr. Caligari
59%
No matching quizzes found
Score Distribution
Percent of People with Each Score
Percentile by Number Answered
Your Score History
You have not taken this quiz